1050 1017 1908 1423 1254 1251 1764 1508 1755 1019 1413 1494 1886 1159 1932 1386 1735 1243 1136 1719 1534 1110 1293 1854 1492 1883 1587 1180 1670 1863 1678 1583 1652 1055 1494 1178 1744 1325 1908 1084 1052 1304 1344 1110 1824 1616 1222 1915 1025 1663 1745 1547 1129 1526 1049 1437 1577 1741 1225 1936 1826 1551 1750 1923 1437 1294 1426 1670 1712 1593 1807 1865 1771 1305 1457 1046 1792 1330 1063 1316 1838 1682 1451 1819 1548 1925 1442 1738 1394 1209 1283 1133 1853 1616 1717 1417 1542 1818 1451 BCNSPRNW ULIB Ver.6.0+V

เปลี่ยนเป็นภาษาไทย

Change to English
 แสดงรายละเอียดบรรณานุกรม
  กลับหน้าหลัก

Brief Record : Get Marc (ISO 2709) : E-mail record : QR code < ปิดหน้าต่าง
LEADER : 00000nam 2200000uu 4500
001    13399109868
003     ULIB
008    110418s2546||||th 000 0 tha d
060 04 WC750^bย339ม 2546
245 00 มาลาเรีย /^cบรรณาธิการ, ยงยุทธ ยุทธวงศ์, ศิรศักดิ์ เทพาคำ,ศศิธร เทศน์อรรถภาคย์
246 14 มาลาเรีย :^bภัยมืดที่โลกลืม
260    [กรุงเทพฯ] :^bงานสื่อสิ่งพิมพ์ศูนย์พันธุวิศวกรรมและเทคโนโลยีชีวภาพแห่งชาติ สำนักงานพัฒนาวิทยาศาสตร์และเทคโนโลยีแห่งชาติ,^c2546
300    vi, 139 หน้า :^bภาพประกอบ ;^c24 ซม.
650  7 มาลาเรีย^xการรักษาด้วยยา
650  7 มาลาเรีย
650  7 ยารักษามาลาเรีย
700 0  ยงยุทธ ยุทธวงศ์,^eบรรณาธิการ
700 0  ศิรศักดิ์ เทพาคำ,^eบรรณาธิการ
700 0  ศศิธร เทศน์อรรถภาคย์^eบรรณาธิการ
710 2  สำนักงานพัฒนาวิทยาศาสตร์และเทคโนโลยีแห่งชาติ.^bศูนย์พันธุวิศวกรรมและเทคโนโลยีแห่งชาติ. ^bงานสื่อสิ่งพิมพ์
710 2  ศูนย์พันธุวิศวกรรมและเทคโนโลยีแห่งชาติ
945    ^p150^l0^i024972
945    ^p150^l0^i024971
995    ทศพร
999 ^a ใช้งานได้ทุกระบบ
รายการนี้ยังไม่มีแท็ก
คุณยังไม่ได้ล็อกอิน คุณสามารถมีกิจกรรมร่วมกับเว็บไซต์ได้ แต่ต้องล็อกอินก่อน ::
  ล็อกอิน

รายการสื่อสารสนเทศ

ลำดับที่ ประเภท เลขเรียก/บาร์โค้ด สถานที่ สถานะ
- ไม่พบข้อมูล -

รายการใกล้เคียง
    หัวเรื่อง [มาลาเรีย]
    หัวเรื่อง [ยารักษามาลาเรีย]

BibComment


ยังไม่เคยถูกคอมเมนท์

คอมเมนท์ทรัพยากรรายการนี้
  คอมเมนท์: มาลาเรีย บรรณาธิ..


 Copyright 2026. Bcnsprnw @Library